1718 1224 1849 1037 1102 1047 1804 1122 1472 1077 1464 1210 1846 1235 1061 1706 1853 1601 1268 1066 1534 1154 1375 1342 1124 1663 1604 1083 1471 1755 1539 1311 1391 1092 1551 1030 1272 1422 1462 1494 1185 1174 1029 1238 1576 1032 1454 1506 1256 1505 1757 1892 1720 1677 1079 1769 1327 1053 1201 1858 1284 1893 1234 1584 1998 1297 1624 1784 1503 1526 1631 1846 1238 1315 1190 1216 1062 1214 1508 1788 1887 1260 1274 1854 1504 1358 1674 1093 1103 1352 1580 1769 1678 1941 1781 1691 1814 1177 1995 BCNSPRNW ULIB Ver.6.0+V

เปลี่ยนเป็นภาษาไทย

Change to English
 แสดงรายละเอียดบรรณานุกรม
  กลับหน้าหลัก

Brief Record : Get Marc (ISO 2709) : E-mail record : QR code < ปิดหน้าต่าง
LEADER : 00000nam 2200000uu 4500
001    13399120500
003     ULIB
008    120921s2552||||th 000 0 tha d
020    ^a9786165311526
060  4 ^aWB520^bป524o 2552
100 0  ^aปัญญา ไพศาลอนันต์
245 00 ^aน้ำ โอสถทิพย์พิชิตโรค/^cปัญญา ไพศาลอนันต์
260    ^aกรุงเทพฯ:^bแบงค์คอกบุ๊คส์,^c2552
300    ^a63 หน้า:^bภาพประกอบ
650  7 ^aน้ำ
650  7 ^aประโยชน์ของน้ำ
945    ^p59^l0^i17838
995    ^aกัณชพร
999 ^a ใช้งานได้ทุกระบบ
รายการนี้ยังไม่มีแท็ก
คุณยังไม่ได้ล็อกอิน คุณสามารถมีกิจกรรมร่วมกับเว็บไซต์ได้ แต่ต้องล็อกอินก่อน ::
  ล็อกอิน

รายการสื่อสารสนเทศ

ลำดับที่ ประเภท เลขเรียก/บาร์โค้ด สถานที่ สถานะ
- ไม่พบข้อมูล -

รายการใกล้เคียง
    ผู้แต่ง [ปัญญา ไพศาลอนันต์]

    หัวเรื่อง [น้ำ]
    หัวเรื่อง [ประโยชน์ของน้ำ]

BibComment


ยังไม่เคยถูกคอมเมนท์

คอมเมนท์ทรัพยากรรายการนี้
  คอมเมนท์: น้ำ โอสถทิพย์พิช..


 Copyright 2026. Bcnsprnw @Library